000 01042nam a2200253 a 4500
001 38086
003 BD-RjUL
005 20211209052724.0
008 150908s1968 bg a|||| |||| 001 0 ben d
035 _a(BD-RjUL)38191
040 _aBD-RjUL
_cBD-RjUL
_bben
041 _aben
082 _a398.092
_bABL 1968
100 _aআবূতালিব, মুহম্মদ
_9117902
245 1 0 _aলালন শাহ্ ও লালন-গীতিকা /
_cমুহম্মদ আবূতালিব
260 _aঢাকা :
_bবাংলা একাডেমী,
_c১৯৬৮.
300 _aখণ্ড. :
_bচিত্র ;
_c২২ সেমি.
504 _aগ্রন্থপঞ্জি ও নির্ঘন্ট সংযুক্ত্
505 _aখন্ড. ১. -- খন্ড. ২. --
600 _aলালন শাহ্
_d১৭৭৪-১৮৯০
_xজীবনী
_9117903
600 _aLalana Saha
_d1774-1890
_xBiography
_9117904
600 _aBauls
_xBiography
_9117905
942 _2ddc
_cBK
999 _c38086
_d38086